One hundred one (101) speed tests for IBPS-CWE bank PO/MT exam (Record no. 84380)

MARC details
000 -LEADER
fixed length control field 00600nam a22001817a 4500
005 - DATE AND TIME OF LATEST TRANSACTION
control field 20140804112130.0
010 ## - LCCN (DPL NO)
LC control number ENG-110042
020 ## - INTERNATIONAL STANDARD BOOK NUMBER
International Standard Book Number 9789383379187
Terms of availability 300.00
035 ## - SYSTEM CONTROL NUMBER
System control number EN-93575
037 ## - SOURCE OF ACQUISITION
Source of stock number/acquisition DBAD/PUB
082 ## - DEWEY DECIMAL CLASSIFICATION NUMBER
Classification number 000
245 ## - TITLE STATEMENT
Title One hundred one (101) speed tests for IBPS-CWE bank PO/MT exam
246 ## - VARYING FORM OF TITLE
Title proper/short title One hundred one speed tests for IBPS-CWE bank PO/MT exam
260 ## - PUBLICATION, DISTRIBUTION, ETC. (IMPRINT)
Place of publication, distribution, etc New Delhi
Name of publisher, distributor, etc Disha Publication
Date of publication, distribution, etc (201?)
270 ## - ADDRESS
Address B-32, Shivalik Main Road, Maliviya Nagar
City New Delhi
Postal code 110017
300 ## - PHYSICAL DESCRIPTION
Extent viii,244,100p.
Dimensions 26cm(pbk)
942 ## - ADDED ENTRY ELEMENTS (KOHA)
Source of classification or shelving scheme Dewey Decimal Classification
Item type English Books
Call number suffix ONE
Classification part 000
Holdings
Withdrawn status Lost status Not for loan Collection code Home library Current library Date acquired Source of acquisition Cost, normal purchase price Full call number Barcode Copy number Cost, replacement price Koha item type
    Not For Loan Non-fiction D.B.Act.Division D.B.Act.Division 21/05/2014 DBAD/PUB 300.00 000 ONE EN-93575 1 300.00 English Books

© Delhi Public Library
Hit Counter
free hit counter